Bruton v London and Quadrant Housing Trust. (Record no. 60670)

MARC details
000 -LEADER
fixed length control field 00928cam a2200145 4500
001 - CONTROL NUMBER
control field ABS60987
008 - FIXED-LENGTH DATA ELEMENTS--GENERAL INFORMATION
fixed length control field 000000n1999 000 0 eng u
035 ## - SYSTEM CONTROL NUMBER
System control number (Sirsi) u101538
245 ## - TITLE STATEMENT
Title Bruton v London and Quadrant Housing Trust.
260 ## - PUBLICATION, DISTRIBUTION, ETC.
Date of publication, distribution, etc. 1999
490 ## - SERIES STATEMENT
Series statement Weekly Law Reports
Volume/sequential designation [1999] 3 WLR 150-160(11)
520 ## - SUMMARY, ETC.
Summary, etc. HL 24 June 1999. Housing Trust granted a licence to use a number of properties for temporary accommodation for homeless people. L undertook to ensure no occupier was given security of tenure. B signed agreement with L for occupation of a flat and subsequently brought proceedings claiming he was a tenant. At issue was whether he was a tenant or a licensee. Judge held B was a licensee. CA dismissed appeal. B appealed to HL. Appeal allowed. Held that the agreement between L and B had all the characteristics of a tenancy.
690 ## - LOCAL SUBJECT ADDED ENTRY--TOPICAL TERM (OCLC, RLIN)
Topical term or geographic name as entry element LANDLORD AND TENANT-RESIDENTIAL TENANCIES-CASE LAW
942 ## - ADDED ENTRY ELEMENTS (KOHA)
Suppress in OPAC 0
Holdings
Withdrawn status Lost status Source of classification or shelving scheme Damaged status Not for loan Home library Current library Shelving location Date acquired Total Checkouts Full call number Barcode Date last seen Copy number Price effective from Koha item type
    Dewey Decimal Classification     London London Journal article 05/11/1999   ABS60987 101538-1001 06/08/2019 1 06/08/2019 Journal article